Translating the Indian past : (Record no. 165785)

MARC details
000 -LEADER
fixed length control field 00552nam a22001817a 4500
005 - DATE AND TIME OF LATEST TRANSACTION
control field 20220303130020.0
010 ## - LCCN (DPL NO)
LC control number ENG-125838
020 ## - INTERNATIONAL STANDARD BOOK NUMBER
International Standard Book Number 9788178245317
Terms of availability 795.00
035 ## - SYSTEM CONTROL NUMBER
System control number EN-109370
037 ## - SOURCE OF ACQUISITION
Source of stock number/acquisition DBAD/PUB
082 ## - DEWEY DECIMAL CLASSIFICATION NUMBER
Classification number 808.8
100 ## - MAIN ENTRY--PERSONAL NAME
Personal name Krishna, Arvind
245 ## - TITLE STATEMENT
Title Translating the Indian past :
Remainder of title and other literary histories/
Statement of responsibility, etc Neelesh Raghuvanshi
260 ## - PUBLICATION, DISTRIBUTION, ETC. (IMPRINT)
Place of publication, distribution, etc Ranikhet
Name of publisher, distributor, etc Permanent Black
Date of publication, distribution, etc 2019
270 ## - ADDRESS
Address Himalayana, Mall Road
City Ranikhet
Postal code 263645
300 ## - PHYSICAL DESCRIPTION
Extent xvi,253.
Dimensions 23cm(hbk)
942 ## - ADDED ENTRY ELEMENTS (KOHA)
Source of classification or shelving scheme Dewey Decimal Classification
Item type English Books
Classification part 808.8
Call number suffix KRI
Holdings
Withdrawn status Lost status Not for loan Collection code Home library Current library Date acquired Source of acquisition Cost, normal purchase price Full call number Barcode Copy number Cost, replacement price Koha item type
      Non-fiction Bawana Bawana 01/07/2019 DBAD/PUB 795.00 808.8 KRI EN-109370 1 795.00 English Books

© Delhi Public Library
Hit Counter
free hit counter